[Event "EU-chT (Women)"]
[Site "Plovdiv"]
[Date "2003.10.13"]
[Round "3"]
[White "Botsari, Anna Maria"]
[Black "Moser, Eva"]
[Result "1/2-1/2"]
[WhiteElo "2394"]
[BlackElo "2339"]
[PlyCount "132"]
[EventDate "2003.10.10"]
[EventType "team-swiss"]
[EventRounds "9"]
[EventCountry "BUL"]
[SourceTitle "CBM 096 Extra"]
[Source "ChessBase"]
[SourceDate "2003.10.22"]
[SourceVersion "2"]
[SourceVersionDate "2003.10.20"]
[SourceQuality "1"]

1. d4 Nf6 2. c4 g6 3. Nc3 Bg7 4. e4 O-O 5. Bg5 c6 6. Qd2 d5 7. e5 Ne4 8. Nxe4
dxe4 9. c5 Be6 10. Ne2 f6 11. exf6 exf6 12. Be3 f5 13. h4 Nd7 14. Qb4 b5 15.
cxb6 Nxb6 16. Nf4 Bf7 17. Rc1 Rb8 18. Qd2 Qd7 19. b3 Rfd8 20. Ba6 Bxd4 21. Bxd4
Qxd4 22. Qxd4 Rxd4 23. Rxc6 Rbd8 24. O-O Rd2 25. a4 Bxb3 26. a5 Nd5 27. Ne6 Re8
28. Nc5 Ba2 29. Rd6 Rc2 30. Nd7 Kg7 31. Bb7 Nf4 32. a6 Rd8 33. Rfd1 Ne2+ 34.
Kh2 Nc3 35. R1d2 Rxd2 36. Rxd2 Be6 37. Rc2 Rxd7 38. Rxc3 Re7 39. Kg3 h6 40. Kf4
Kf6 41. g3 Rd7 42. Bc8 Rd6 43. Bb7 Rb6 44. g4 g5+ 45. hxg5+ hxg5+ 46. Ke3 f4+
47. Kxe4 Bxg4 48. f3 Be6 49. Kd4 Rb4+ 50. Kc5 Rb1 51. Kd6 g4 52. fxg4 Bxg4 53.
Kc7 Be2 54. Ra3 Kg5 55. Kb8 f3 56. Kxa7 f2 57. Bg2 Rg1 58. Bh3 Bg4 59. Ra2 Bxh3
60. Rxf2 Ra1 61. Kb6 Rb1+ 62. Kc7 Rc1+ 63. Kb6 Rb1+ 64. Kc7 Ra1 65. Kb7 Be6 66.
Rd2 Bg4 1/2-1/2

[Event "EU-chT (Women)"]
[Site "Plovdiv"]
[Date "2003.10.12"]
[Round "2"]
[White "Moser, Eva"]
[Black "Rajlich, Iweta"]
[Result "1/2-1/2"]
[WhiteElo "2339"]
[BlackElo "2423"]
[PlyCount "58"]
[EventDate "2003.10.10"]
[EventType "team-swiss"]
[EventRounds "9"]
[EventCountry "BUL"]
[SourceTitle "CBM 096 Extra"]
[Source "ChessBase"]
[SourceDate "2003.10.22"]
[SourceVersion "2"]
[SourceVersionDate "2003.10.20"]
[SourceQuality "1"]

1. e4 c5 2. d3 Nc6 3. g3 e5 4. Bg2 Nge7 5. Nc3 d6 6. Be3 g6 7. Qd2 Bg7 8. Bh6
O-O 9. h4 Bxh6 10. Qxh6 f6 11. Qd2 Nd4 12. h5 g5 13. h6 Qa5 14. f4 exf4 15.
gxf4 Ng6 16. f5 Ne5 17. O-O-O Bd7 18. Nge2 Bc6 19. Kb1 Nxe2 20. Qxe2 b5 21. d4
cxd4 22. Rxd4 b4 23. Nd5 Bxd5 24. Rxd5 Qc7 25. Rc1 Rfd8 26. Qd2 a5 27. Bf1 Nf7
28. Be2 Rac8 29. Ba6 Ra8 1/2-1/2

[Event "EU-chT (Women)"]
[Site "Plovdiv"]
[Date "2003.10.11"]
[Round "1"]
[White "Moser, Eva"]
[Black "Peng, Zhaoqin"]
[Result "1-0"]
[WhiteElo "2339"]
[BlackElo "2438"]
[PlyCount "83"]
[EventDate "2003.10.10"]
[EventType "team-swiss"]
[EventRounds "9"]
[EventCountry "BUL"]
[SourceTitle "CBM 096 Extra"]
[Source "ChessBase"]
[SourceDate "2003.10.22"]
[SourceVersion "2"]
[SourceVersionDate "2003.10.20"]
[SourceQuality "1"]

1. e4 c5 2. d3 Nc6 3. g3 g6 4. Bg2 Bg7 5. f4 e6 6. Nf3 Nge7 7. O-O d5 8. c3 b6
9. Na3 Ba6 10. e5 h5 11. Be3 Qd7 12. Bf2 Nf5 13. Qd2 Bf8 14. Rfd1 Rd8 15. Nc2
d4 16. c4 Be7 17. Qe2 Bb7 18. Nd2 Kf8 19. Ne4 Kg7 20. Ne1 a6 21. Nf3 b5 22. b3
Qc7 23. h3 bxc4 24. bxc4 Rb8 25. g4 hxg4 26. hxg4 Nh6 27. Nh2 Na7 28. Rab1 Bc6
29. Bf3 Rxb1 30. Rxb1 Rb8 31. Qe1 Nc8 32. Rxb8 Qxb8 33. Bh4 Bxe4 34. Bxe4 Bxh4
35. Qxh4 Qb1+ 36. Nf1 Ng8 37. f5 Qc1 38. f6+ Kf8 39. g5 Nb6 40. Bg2 Nd7 41. Qe4
Qb2 42. Qc6 1-0

[Event "Ansfelden"]
[Site "Ansfelden"]
[Date "2003.09.20"]
[Round "9"]
[White "Uhlmann, Wolfgang"]
[Black "Moser, Eva"]
[Result "1/2-1/2"]
[WhiteElo "2451"]
[BlackElo "2328"]
[PlyCount "38"]
[EventDate "2003.09.12"]
[EventType "tourn"]
[EventRounds "9"]
[EventCountry "AUT"]
[EventCategory "7"]
[SourceTitle "CBM 096 Extra"]
[Source "ChessBase"]
[SourceDate "2003.10.22"]
[SourceVersion "2"]
[SourceVersionDate "2003.10.20"]
[SourceQuality "1"]

1. c4 f5 2. Nf3 Nf6 3. g3 d6 4. d4 g6 5. b3 Bg7 6. Bb2 O-O 7. Bg2 Qe8 8. d5 c5
9. O-O Na6 10. Nbd2 b5 11. Ne1 Nc7 12. Nd3 bxc4 13. bxc4 Rb8 14. Bc3 Bd7 15.
Qc1 Qc8 16. Qa3 Qa6 17. Qxa6 Nxa6 18. Rab1 Rxb1 19. Rxb1 Rb8 1/2-1/2

[Event "Ansfelden"]
[Site "Ansfelden"]
[Date "2003.09.18"]
[Round "7"]
[White "Varga, Zoltan"]
[Black "Moser, Eva"]
[Result "1-0"]
[WhiteElo "2534"]
[BlackElo "2328"]
[PlyCount "79"]
[EventDate "2003.09.12"]
[EventType "tourn"]
[EventRounds "9"]
[EventCountry "AUT"]
[EventCategory "7"]
[SourceTitle "CBM 096 Extra"]
[Source "ChessBase"]
[SourceDate "2003.10.22"]
[SourceVersion "2"]
[SourceVersionDate "2003.10.20"]
[SourceQuality "1"]

1. d4 Nf6 2. c4 g6 3. f3 Bg7 4. e4 O-O 5. Nc3 c6 6. Nh3 d5 7. e5 Ne8 8. Nf4
dxc4 9. Bxc4 Nc7 10. Ne4 Nba6 11. a3 Nd5 12. h4 Nac7 13. h5 Nxf4 14. Bxf4 Be6
15. Be2 Bd5 16. Nc3 Ne6 17. Be3 Qd7 18. hxg6 hxg6 19. Qc2 Nc7 20. Qd2 f5 21.
Bh6 Rf7 22. Qg5 Qe6 23. Rh4 Bb3 24. Kf2 c5 25. Bxg7 Rxg7 26. Re1 cxd4 27. Rxd4
Qb6 28. Qe3 Be6 29. Rc1 Na6 30. b4 Rd8 31. Nb5 g5 32. Rxd8+ Qxd8 33. Qxa7 g4
34. Qd4 Qe8 35. fxg4 fxg4 36. Rh1 g3+ 37. Ke3 Bd7 38. Qh4 Qg6 39. Qh8+ Kf7 40.
Bh5 1-0

[Event "Ansfelden"]
[Site "Ansfelden"]
[Date "2003.09.17"]
[Round "6"]
[White "Moser, Eva"]
[Black "Lehner, Oliver"]
[Result "0-1"]
[WhiteElo "2328"]
[BlackElo "2391"]
[PlyCount "68"]
[EventDate "2003.09.12"]
[EventType "tourn"]
[EventRounds "9"]
[EventCountry "AUT"]
[EventCategory "7"]
[SourceTitle "CBM 096 Extra"]
[Source "ChessBase"]
[SourceDate "2003.10.22"]
[SourceVersion "2"]
[SourceVersionDate "2003.10.20"]
[SourceQuality "1"]

1. e4 c5 2. Nf3 e6 3. c3 Nf6 4. e5 Nd5 5. d4 cxd4 6. cxd4 d6 7. Bc4 Nc6 8. O-O
Be7 9. a3 O-O 10. Qe2 b6 11. b4 Bb7 12. Bb2 Nf4 13. Qe3 Ng6 14. Nbd2 a5 15. b5
Nb8 16. Ba2 dxe5 17. dxe5 Bc5 18. Bd4 Nd7 19. Nc4 Bxf3 20. Bxc5 Bxg2 21. Bxf8
Bxf1 22. Bd6 Bxc4 23. Bxc4 Rc8 24. Rc1 h6 25. f4 Qh4 26. Bf1 Qg4+ 27. Kh1 Rxc1
28. Qxc1 Qxf4 29. Qc8+ Kh7 30. Bd3 Qf3+ 31. Kg1 Qxd3 32. Qxd7 Qe3+ 33. Kf1 Nf4
34. Qb7 Qe2+ 0-1

[Event "Ansfelden"]
[Site "Ansfelden"]
[Date "2003.09.16"]
[Round "5"]
[White "Baumgartner, Heinz"]
[Black "Moser, Eva"]
[Result "0-1"]
[WhiteElo "2347"]
[BlackElo "2328"]
[PlyCount "110"]
[EventDate "2003.09.12"]
[EventType "tourn"]
[EventRounds "9"]
[EventCountry "AUT"]
[EventCategory "7"]
[SourceTitle "CBM 096 Extra"]
[Source "ChessBase"]
[SourceDate "2003.10.22"]
[SourceVersion "2"]
[SourceVersionDate "2003.10.20"]
[SourceQuality "1"]

1. Nf3 d6 2. d4 Bg4 3. e4 Nf6 4. Nc3 e6 5. Be2 Be7 6. Be3 d5 7. h3 Bh5 8. exd5
exd5 9. O-O O-O 10. Ne5 Bxe2 11. Nxe2 Ne4 12. f3 Nd6 13. b3 Nd7 14. Qd3 g6 15.
Bf4 Re8 16. Rae1 Nf8 17. Ng4 Ne6 18. Be5 f6 19. Bh2 Bf8 20. Nf4 Nxf4 21. Bxf4
Bg7 22. Rxe8+ Qxe8 23. Qe3 Qd7 24. Bxd6 Qxd6 25. Re1 Kf7 26. Nf2 Qd7 27. Nd3
Bf8 28. Qf4 Kg7 29. Nc5 Bxc5 30. dxc5 Kf7 31. Qd4 c6 32. c4 Rd8 33. Rd1 Qe7 34.
Kf2 a5 35. a3 Qe5 36. b4 axb4 37. axb4 Qxd4+ 38. Rxd4 Ke6 39. f4 Ra8 40. cxd5+
cxd5 41. Ke3 Ra2 42. g3 Rb2 43. Kf3 h5 44. h4 Rb3+ 45. Kf2 Rc3 46. Rd2 Rc4 47.
Rb2 d4 48. Kf3 Kd5 49. f5 gxf5 50. Kf4 Rc3 51. Kxf5 Rxg3 52. Kxf6 d3 53. Rf2
Kd4 54. Ra2 Kc4 55. Ke5 Re3+ 0-1

[Event "Ansfelden"]
[Site "Ansfelden"]
[Date "2003.09.14"]
[Round "3"]
[White "Roos, Michael"]
[Black "Moser, Eva"]
[Result "1-0"]
[WhiteElo "2412"]
[BlackElo "2328"]
[PlyCount "80"]
[EventDate "2003.09.12"]
[EventType "tourn"]
[EventRounds "9"]
[EventCountry "AUT"]
[EventCategory "7"]
[SourceTitle "CBM 096 Extra"]
[Source "ChessBase"]
[SourceDate "2003.10.22"]
[SourceVersion "2"]
[SourceVersionDate "2003.10.20"]
[SourceQuality "1"]

1. d4 Nf6 2. c4 g6 3. Nc3 Bg7 4. e4 O-O 5. Bd3 d6 6. Nge2 e5 7. d5 c5 8. h3 Na6
9. Bg5 Nc7 10. a3 b6 11. Qd2 Qe8 12. g4 a6 13. b4 Nd7 14. Ng3 cxb4 15. axb4 a5
16. Nb5 Nxb5 17. cxb5 f6 18. Be3 f5 19. gxf5 gxf5 20. Bh6 f4 21. Bxg7 Kxg7 22.
Nf5+ Rxf5 23. exf5 Bb7 24. Rg1+ Kh8 25. bxa5 Bxd5 26. a6 Qf7 27. Qc3 Nc5 28.
Rd1 Na4 29. Qd2 Rc8 30. Rc1 Nc5 31. Rc3 Rg8 32. Rg4 Nb3 33. Qb2 Nd4 34. Be2 h5
35. Rxg8+ Qxg8 36. Qc1 Qg1+ 37. Kd2 Qxf2 38. Qf1 Qh4 39. Qg1 Qe7 40. Qg6 Nb3+
1-0

[Event "Ansfelden"]
[Site "Ansfelden"]
[Date "2003.09.13"]
[Round "2"]
[White "Moser, Eva"]
[Black "Knoll, Hermann"]
[Result "0-1"]
[WhiteElo "2328"]
[BlackElo "2361"]
[PlyCount "100"]
[EventDate "2003.09.12"]
[EventType "tourn"]
[EventRounds "9"]
[EventCountry "AUT"]
[EventCategory "7"]
[SourceTitle "CBM 096 Extra"]
[Source "ChessBase"]
[SourceDate "2003.10.22"]
[SourceVersion "2"]
[SourceVersionDate "2003.10.20"]
[SourceQuality "1"]

1. e3 Nf6 2. f4 d5 3. Be2 g6 4. Nf3 Bg7 5. O-O O-O 6. Qe1 c5 7. d3 Nc6 8. Kh1
b6 9. Qh4 Ba6 10. Rf2 e6 11. Qh3 c4 12. Ne5 cxd3 13. cxd3 Nb4 14. Na3 Rc8 15.
Bd2 Qd6 16. Bc3 Nc6 17. Nc2 Nd7 18. Nxd7 Qxd7 19. Bxg7 Kxg7 20. Bf1 Qe7 21. e4
f5 22. Qe3 Rfe8 23. Rc1 Qd7 24. Nd4 dxe4 25. Nxc6 Rxc6 26. Rxc6 Qxc6 27. dxe4
Bxf1 28. Rxf1 Qxe4 29. Qc3+ e5 30. Qc7+ Kh6 31. Qd7 exf4 32. h3 Re7 33. Qd6 Qe5
34. Qxe5 Rxe5 35. Rxf4 Re2 36. Rb4 Kg5 37. Kg1 Kf6 38. Kf1 Rc2 39. Rb5 Ke6 40.
h4 Kd6 41. Kg1 Kc6 42. Rb3 a5 43. h5 gxh5 44. a4 Rc4 45. Rf3 Rxa4 46. Rxf5 Ra2
47. Rxh5 Rxb2 48. Rxh7 a4 49. Ra7 b5 50. g4 Rb4 0-1

[Event "Ansfelden"]
[Site "Ansfelden"]
[Date "2003.09.12"]
[Round "1"]
[White "Moser, Eva"]
[Black "Lau, Ralf"]
[Result "1/2-1/2"]
[WhiteElo "2328"]
[BlackElo "2505"]
[PlyCount "84"]
[EventDate "2003.09.12"]
[EventType "tourn"]
[EventRounds "9"]
[EventCountry "AUT"]
[EventCategory "7"]
[SourceTitle "CBM 096 Extra"]
[Source "ChessBase"]
[SourceDate "2003.10.22"]
[SourceVersion "2"]
[SourceVersionDate "2003.10.20"]
[SourceQuality "1"]

1. e4 c5 2. d3 e6 3. g3 d5 4. Nd2 Nc6 5. Bg2 g6 6. f4 Bg7 7. Nh3 Nge7 8. O-O b5
9. Nf2 h5 10. Nf3 a5 11. e5 Nf5 12. Ng5 b4 13. c4 Ncd4 14. Re1 a4 15. Nf3 Nc6
16. Be3 Qb6 17. Ng5 Nce7 18. Qe2 Bd7 19. Rac1 Rc8 20. Nd1 dxc4 21. dxc4 Nc6 22.
Nf2 Ncd4 23. Bxd4 Nxd4 24. Qd3 Bf8 25. Nfe4 Be7 26. Nf3 Nf5 27. Nf6+ Bxf6 28.
exf6 Rc7 29. Ne5 Bc8 30. Be4 Nd4 31. Bxg6 Rh6 32. Be4 Rxf6 33. Bg2 Rh6 34. Rcd1
Bb7 35. Bxb7 Qxb7 36. Qe4 Qxe4 37. Rxe4 Nf5 38. Kf2 Ke7 39. Re2 Rh8 40. Red2
Nd4 41. Nf3 Nf5 42. Ne5 Rhc8 1/2-1/2

[Event "Oberwart op 25th"]
[Site "Oberwart"]
[Date "2003.07.13"]
[Round "9"]
[White "Cebalo, Miso"]
[Black "Moser, Eva"]
[Result "1-0"]
[WhiteElo "2510"]
[BlackElo "2328"]
[PlyCount "53"]
[EventDate "2003.07.05"]
[EventType "swiss"]
[EventRounds "9"]
[EventCountry "AUT"]
[SourceTitle "CBM 095 Extra"]
[Source "ChessBase"]
[SourceDate "2003.09.04"]
[SourceVersion "1"]
[SourceVersionDate "2003.09.04"]
[SourceQuality "1"]

1. d4 Nf6 2. c4 g6 3. Nc3 Bg7 4. e4 O-O 5. f4 d6 6. Nf3 Na6 7. Bd3 Bg4 8. O-O
Nd7 9. Be3 c5 10. d5 Nc7 11. h3 Bxf3 12. Qxf3 e6 13. Rae1 exd5 14. exd5 Bxc3
15. bxc3 f5 16. Bd2 Nf6 17. g4 Qd7 18. gxf5 gxf5 19. Kh2 Rae8 20. Rg1+ Kh8 21.
Rg5 Rxe1 22. Bxe1 Qa4 23. Bh4 Qxa2+ 24. Rg2 Qa4 25. Qg3 Nh5 26. Qg5 Qe8 27. Be2
1-0

[Event "Oberwart op 25th"]
[Site "Oberwart"]
[Date "2003.07.10"]
[Round "6"]
[White "Cvitan, Ognjen"]
[Black "Moser, Eva"]
[Result "1-0"]
[WhiteElo "2546"]
[BlackElo "2328"]
[PlyCount "57"]
[EventDate "2003.07.05"]
[EventType "swiss"]
[EventRounds "9"]
[EventCountry "AUT"]
[SourceTitle "CBM 095 Extra"]
[Source "ChessBase"]
[SourceDate "2003.09.04"]
[SourceVersion "1"]
[SourceVersionDate "2003.09.04"]
[SourceQuality "1"]

1. d4 g6 2. c4 Nf6 3. Nf3 Bg7 4. g3 d5 5. cxd5 Nxd5 6. Bg2 Nb6 7. Nc3 Nc6 8. e3
e5 9. O-O exd4 10. exd4 O-O 11. Bg5 f6 12. Bf4 Ne7 13. Qb3+ Kh8 14. Rfe1 Ned5
15. Bd2 c6 16. a4 a5 17. Ne4 Qc7 18. Rac1 g5 19. Rc5 Nb4 20. Rxa5 Rxa5 21. Bxb4
Nd5 22. Bxf8 Bxf8 23. Nc3 Bd7 24. Nd2 Nxc3 25. Qf7 Qd8 26. bxc3 Rxa4 27. Bf1
Ra8 28. Bc4 Ba3 29. Re8+ 1-0

[Event "Oberwart op 25th"]
[Site "Oberwart"]
[Date "2003.07.09"]
[Round "5"]
[White "Manik, Mikulas"]
[Black "Moser, Eva"]
[Result "1-0"]
[WhiteElo "2471"]
[BlackElo "2328"]
[PlyCount "111"]
[EventDate "2003.07.05"]
[EventType "swiss"]
[EventRounds "9"]
[EventCountry "AUT"]
[SourceTitle "CBM 095 Extra"]
[Source "ChessBase"]
[SourceDate "2003.09.04"]
[SourceVersion "1"]
[SourceVersionDate "2003.09.04"]
[SourceQuality "1"]

1. e4 c5 2. Nf3 Nc6 3. Bb5 g6 4. Bxc6 bxc6 5. O-O Bg7 6. Re1 Nh6 7. c3 O-O 8.
d4 cxd4 9. cxd4 f6 10. h3 Nf7 11. Nc3 Rb8 12. b3 Ba6 13. Bb2 Qa5 14. Rc1 Ng5
15. Na4 Nxf3+ 16. Qxf3 Bh6 17. Bc3 Qb5 18. Rcd1 d6 19. Nb2 Bc8 20. Qg3 c5 21.
d5 Qa6 22. Ra1 e5 23. dxe6 Bxe6 24. Nd3 Qc6 25. Rad1 d5 26. exd5 Bxd5 27. Ne5
Qb7 28. Ng4 Bg7 29. Bxf6 Bxf6 30. Nxf6+ Rxf6 31. Rxd5 Rxf2 32. Red1 Rf7 33.
Rxc5 Rbf8 34. Rc2 Qa6 35. Kh2 Qa5 36. Re2 Qh5 37. Rde1 Qc5 38. Re8 Rxe8 39.
Rxe8+ Kg7 40. Qe5+ Qxe5+ 41. Rxe5 h5 42. Ra5 Kf6 43. Kg3 Rb7 44. Kh4 Rh7 45. b4
Rd7 46. a3 Rd4+ 47. g4 hxg4 48. hxg4 Rd7 49. Ra6+ Kg7 50. b5 Rb7 51. a4 Kh6 52.
g5+ Kg7 53. Kg4 Rf7 54. Rc6 Rb7 55. Kf4 Kf7 56. Ke5 1-0

[Event "Oberwart op 25th"]
[Site "Oberwart"]
[Date "2003.07.08"]
[Round "4"]
[White "Moser, Eva"]
[Black "Tischbierek, Raj"]
[Result "1-0"]
[WhiteElo "2328"]
[BlackElo "2522"]
[PlyCount "77"]
[EventDate "2003.07.05"]
[EventType "swiss"]
[EventRounds "9"]
[EventCountry "AUT"]
[SourceTitle "CBM 095 Extra"]
[Source "ChessBase"]
[SourceDate "2003.09.04"]
[SourceVersion "1"]
[SourceVersionDate "2003.09.04"]
[SourceQuality "1"]

1. e4 Nf6 2. e5 Nd5 3. d4 d6 4. c4 Nb6 5. f4 dxe5 6. fxe5 c5 7. d5 e6 8. Nc3
exd5 9. cxd5 c4 10. Nf3 Bb4 11. Bxc4 Bxc3+ 12. bxc3 Nxc4 13. Qa4+ Nd7 14. Qxc4
Nb6 15. Qb5+ Qd7 16. Qxd7+ Bxd7 17. d6 Bb5 18. Be3 Nd5 19. Bd4 Nf4 20. Kf2 O-O
21. Rhb1 a6 22. c4 Bc6 23. Rb3 Rac8 24. Rc1 Ne6 25. Ke3 Rfe8 26. Rb2 f6 27.
exf6 gxf6 28. Bxf6 Nf8+ 29. Kf2 Re4 30. Re2 Nd7 31. Rxe4 Bxe4 32. Bd4 b6 33.
Re1 Re8 34. Ne5 Nf6 35. d7 Rf8 36. Kg1 Bf5 37. d8=Q Rxd8 38. Nc6 Re8 39. Rxe8+
1-0

[Event "Oberwart op 25th"]
[Site "Oberwart"]
[Date "2003.07.06"]
[Round "2"]
[White "Moser, Eva"]
[Black "Ruck, Robert"]
[Result "1/2-1/2"]
[WhiteElo "2328"]
[BlackElo "2550"]
[PlyCount "43"]
[EventDate "2003.07.05"]
[EventType "swiss"]
[EventRounds "9"]
[EventCountry "AUT"]
[SourceTitle "CBM 095 Extra"]
[Source "ChessBase"]
[SourceDate "2003.09.04"]
[SourceVersion "1"]
[SourceVersionDate "2003.09.04"]
[SourceQuality "1"]

1. e4 c6 2. d4 d5 3. e5 Bf5 4. Nc3 e6 5. g4 Bg6 6. Nge2 c5 7. h4 h5 8. Nf4 Bh7
9. Nxh5 Nc6 10. dxc5 Bxc5 11. Nxg7+ Kf8 12. Nh5 d4 13. Nb5 Nb4 14. Na3 Qd5 15.
Rh3 Bxc2 16. Nxc2 Qe4+ 17. Kd2 Rxh5 18. gxh5 Qf4+ 19. Ke1 Qe4+ 20. Kd2 Qf4+ 21.
Ke1 Qe4+ 22. Kd2 1/2-1/2

[Event "EU-ch (Women) 4th"]
[Site "Istanbul"]
[Date "2003.06.14"]
[Round "11"]
[White "Mamedjarova, Turkan"]
[Black "Moser, Eva"]
[Result "0-1"]
[WhiteElo "2222"]
[BlackElo "2341"]
[PlyCount "61"]
[EventDate "2003.06.02"]
[EventType "swiss"]
[EventRounds "11"]
[EventCountry "TUR"]
[SourceTitle "CBM 094 Extra"]
[Source "ChessBase"]
[SourceDate "2003.07.09"]
[SourceVersion "2"]
[SourceVersionDate "2003.07.09"]
[SourceQuality "1"]

1. Nf3 g6 2. d4 Bg7 3. Bf4 d6 4. e3 b6 5. Bc4 e6 6. Nbd2 Bb7 7. O-O Nd7 8. e4
Ne7 9. Ng5 h6 10. Ngf3 O-O 11. Re1 e5 12. dxe5 Nxe5 13. Nxe5 dxe5 14. Bg3 Qd6
15. Nf3 Qc5 16. Qe2 Nc6 17. c3 a5 18. Bd5 Rae8 19. a3 a4 20. Qc4 Qxc4 21. Bxc4
Na5 22. Ba2 Bc8 23. Rad1 Bg4 24. h3 Bxf3 25. gxf3 g5 26. Rd7 Rc8 27. Red1 Nb7
28. R7d5 Rfd8 29. h4 Bf8 30. Rd7 Rxd7 31. Rxd7 0-1

[Event "EU-ch (Women) 4th"]
[Site "Istanbul"]
[Date "2003.06.12"]
[Round "9"]
[White "Moser, Eva"]
[Black "Papadopoulou, Vera"]
[Result "1/2-1/2"]
[WhiteElo "2341"]
[BlackElo "2230"]
[PlyCount "99"]
[EventDate "2003.06.02"]
[EventType "swiss"]
[EventRounds "11"]
[EventCountry "TUR"]
[SourceTitle "CBM 094 Extra"]
[Source "ChessBase"]
[SourceDate "2003.07.09"]
[SourceVersion "2"]
[SourceVersionDate "2003.07.09"]
[SourceQuality "1"]

1. e4 c5 2. d3 Nc6 3. g3 g6 4. Bg2 Bg7 5. f4 e6 6. Nf3 Nge7 7. O-O O-O 8. c3 d6
9. Be3 Rb8 10. d4 cxd4 11. Nxd4 Nxd4 12. Bxd4 Nc6 13. Bxg7 Kxg7 14. Kh1 Qc7 15.
Na3 Rd8 16. Qe2 a6 17. Nc2 Ne7 18. Rad1 b5 19. Ne3 h6 20. Qf2 Kh7 21. f5 exf5
22. exf5 Bxf5 23. Nxf5 Nxf5 24. g4 Ng7 25. Qxf7 Rd7 26. Qf6 Re8 27. Bd5 Ree7
28. Rd4 Qc5 29. Be4 Qg5 30. Qxg5 hxg5 31. Bc6 Rd8 32. Rd3 Re5 33. Bd5 Ne6 34.
Rf7+ Kh8 35. Bxe6 Rxe6 36. Kg2 Kg8 37. Rf2 d5 38. Rfd2 Re5 39. Kg3 Kf7 40. Rf3+
Ke6 41. Rdf2 Kd6 42. Rf6+ Re6 43. Rxe6+ Kxe6 44. Re2+ Kd6 45. Kf3 Rf8+ 46. Ke3
Rf4 47. h3 a5 48. a3 b4 49. axb4 axb4 50. cxb4 1/2-1/2

[Event "EU-ch (Women) 4th"]
[Site "Istanbul"]
[Date "2003.06.11"]
[Round "8"]
[White "Flear, Christine"]
[Black "Moser, Eva"]
[Result "1/2-1/2"]
[WhiteElo "2213"]
[BlackElo "2341"]
[PlyCount "66"]
[EventDate "2003.06.02"]
[EventType "swiss"]
[EventRounds "11"]
[EventCountry "TUR"]
[SourceTitle "CBM 094 Extra"]
[Source "ChessBase"]
[SourceDate "2003.07.09"]
[SourceVersion "2"]
[SourceVersionDate "2003.07.09"]
[SourceQuality "1"]

1. d4 e6 2. c4 f5 3. Nf3 Nf6 4. g3 d6 5. Bg2 Be7 6. O-O O-O 7. Nc3 Qe8 8. b3
Qh5 9. Re1 Ne4 10. Bb2 Nd7 11. e3 Qh6 12. Nd2 Nxc3 13. Bxc3 e5 14. dxe5 dxe5
15. Nf3 e4 16. Qd5+ Kh8 17. Ne5 Nxe5 18. Bxe5 c6 19. Qa5 b6 20. Qc3 Be6 21.
Red1 Rad8 22. Bf1 Kg8 23. Be2 Kf7 24. Rxd8 Rxd8 25. Rd1 Rxd1+ 26. Bxd1 c5 27.
Bb8 a6 28. Be2 Bd7 29. Be5 Bc6 30. a3 Bf6 31. b4 Ke6 32. Bxf6 Qxf6 33. Qc1 Qe5
1/2-1/2

[Event "EU-ch (Women) 4th"]
[Site "Istanbul"]
[Date "2003.06.08"]
[Round "7"]
[White "Moser, Eva"]
[Black "Krivec, Jana"]
[Result "1/2-1/2"]
[WhiteElo "2341"]
[BlackElo "2256"]
[PlyCount "70"]
[EventDate "2003.06.02"]
[EventType "swiss"]
[EventRounds "11"]
[EventCountry "TUR"]
[SourceTitle "CBM 094 Extra"]
[Source "ChessBase"]
[SourceDate "2003.07.09"]
[SourceVersion "2"]
[SourceVersionDate "2003.07.09"]
[SourceQuality "1"]

1. e4 e5 2. Bc4 Nf6 3. d3 Nc6 4. Nc3 d6 5. Nge2 Na5 6. O-O Nxc4 7. dxc4 c6 8.
Qd3 Be6 9. Rd1 Qc7 10. Bg5 Nd7 11. Ng3 g6 12. b3 f6 13. Be3 h5 14. h4 Be7 15.
a4 a5 16. Rd2 Rf8 17. Rdd1 O-O-O 18. Qd2 f5 19. Bh6 Rf7 20. Nd5 Bxd5 21. exd5
c5 22. Bg5 Bxg5 23. hxg5 h4 24. Ne2 f4 25. Nc3 Rf5 26. Ne4 f3 27. gxf3 Rxf3 28.
Kf1 Rdf8 29. Ke2 R3f4 30. Qe3 R8f5 31. Rh1 Nf8 32. Rh3 Nh7 33. Rah1 Rxe4 34.
Qxe4 Nxg5 35. Qxh4 Nxh3 1/2-1/2

[Event "EU-ch (Women) 4th"]
[Site "Istanbul"]
[Date "2003.06.08"]
[Round "6"]
[White "Blazkova, Petra"]
[Black "Moser, Eva"]
[Result "1/2-1/2"]
[WhiteElo "2218"]
[BlackElo "2341"]
[PlyCount "75"]
[EventDate "2003.06.02"]
[EventType "swiss"]
[EventRounds "11"]
[EventCountry "TUR"]
[SourceTitle "CBM 094 Extra"]
[Source "ChessBase"]
[SourceDate "2003.07.09"]
[SourceVersion "2"]
[SourceVersionDate "2003.07.09"]
[SourceQuality "1"]

1. e4 c5 2. Nf3 Nc6 3. c3 e6 4. d4 d5 5. exd5 exd5 6. Bb5 Bd6 7. O-O Nge7 8.
dxc5 Bxc5 9. Nbd2 O-O 10. Nb3 Bd6 11. Bd3 h6 12. h3 Bc7 13. Be3 Qd6 14. Bc5 Qf6
15. Nbd4 Rd8 16. Re1 Ng6 17. Bxg6 Qxg6 18. Nh4 Qf6 19. Nxc6 Qxc6 20. Bd4 Re8
21. Qh5 Bd7 22. Nf5 Bxf5 23. Qxf5 Re6 24. Re3 Rxe3 25. Bxe3 Re8 26. Rd1 Qa4 27.
Qg4 Re4 28. Qc8+ Re8 29. Qg4 Re4 30. Qc8+ Re8 31. Rd4 Qc6 32. Qf5 Re5 33. Qf3
Bb6 34. Rd3 Bc7 35. Rd1 Re6 36. g3 Rf6 37. Qg4 h5 38. Bd4 1/2-1/2

[Event "EU-ch (Women) 4th"]
[Site "Istanbul"]
[Date "2003.06.06"]
[Round "5"]
[White "Moser, Eva"]
[Black "Stiri, Alexandra"]
[Result "1-0"]
[WhiteElo "2341"]
[BlackElo "2178"]
[PlyCount "153"]
[EventDate "2003.06.02"]
[EventType "swiss"]
[EventRounds "11"]
[EventCountry "TUR"]
[SourceTitle "CBM 094 Extra"]
[Source "ChessBase"]
[SourceDate "2003.07.09"]
[SourceVersion "2"]
[SourceVersionDate "2003.07.09"]
[SourceQuality "1"]

1. e4 c5 2. d3 Nc6 3. g3 g6 4. Bg2 Bg7 5. f4 d6 6. Nf3 b6 7. O-O Bb7 8. c3 e5
9. Na3 Nge7 10. Nh4 exf4 11. Bxf4 O-O 12. Nc4 Nc8 13. Qd2 b5 14. Na3 a6 15. Bh6
Bxh6 16. Qxh6 Ne5 17. d4 cxd4 18. cxd4 Qb6 19. Nc2 Nd3 20. Rad1 Nxb2 21. Nf5
gxf5 22. Qg5+ Kh8 23. Qf6+ Kg8 24. Qg5+ Kh8 25. Qf6+ Kg8 26. Rxf5 Ne7 27. Qxe7
f6 28. Rf4 h5 29. Qe6+ Kg7 30. Rdf1 Rae8 31. Qf5 Re5 32. Qh3 Nd3 33. Rh4 Bc8
34. g4 Nb2 35. Rxh5 Rxh5 36. Qxh5 Rh8 37. Qd5 Bxg4 38. Ne3 Rh5 39. e5 Rxe5 40.
dxe5 Qxe3+ 41. Kh1 Qxe5 42. Qb7+ Kh6 43. Qxa6 Be2 44. Rb1 Nd1 45. Qa7 Qf5 46.
Rb3 Nf2+ 47. Kg1 Nd3 48. Qe3+ Nf4 49. Rb2 Qg5 50. Rxe2 Nxe2+ 51. Qxe2 Qc1+ 52.
Qf1 Qc5+ 53. Qf2 Qc1+ 54. Bf1 Qg5+ 55. Qg3 Qc5+ 56. Kh1 b4 57. Qf4+ Kg6 58.
Bd3+ f5 59. Qg3+ Kf6 60. h4 Qd5+ 61. Kh2 Qxa2+ 62. Kh3 Qe6 63. Qg5+ Kf7 64.
Bxf5 Qf6 65. Qf4 Qc3+ 66. Kg4 Qg7+ 67. Kf3 Qe5 68. Qg5 Qc3+ 69. Kg4 Qd4+ 70.
Kh5 b3 71. Qg6+ Kf8 72. Qh6+ Kf7 73. Qe6+ Kg7 74. Qe7+ Kg8 75. Be6+ Kh8 76.
Qf8+ Kh7 77. Bf5# 1-0